000 01084nam0a22002531 4500
001 rc\190905
005 20250620224804.0
035 _a(NLR Aleph) 005447288
090 _a4820290
_c4820290
100 _a20030307d1997 |||y0rusy50 ca
101 0 _arus
102 _aRU
105 _ay |||||||||
200 1 _aАкадемия пана Кляксы
_e[Пер. с пол.]
_fЯн Бжехва
210 _aМ.
_cБ. и.
_d1997
215 _a96 с.
_d26
225 1 _aШкольная роман-газета
_eГуманит. образоват. журн.
_fУчредители: Рос. дет. фонд, Изд. дом Карл Гиберт
_v12 (24)
423 0 _12001#$aПриключения капитана Врунгеля$e[Повесть]$fАлексей Некрасов
_1700#1$aНекрасов$bА.$gАлексей
_tПриключения капитана Врунгеля
_aНекрасов, Алексей
700 1 _aБжехва
_bЯ.
_f1900-1966
_gЯн
801 0 _aRU
_bNLR
_gpsbo
801 1 _aRU
_bELAR
_2rusmarc
852 _aNLR
_jП29/750
942 _cBOOK
980 _aNB